Sul concetto di confessione religiosa

Guardat en:
Dades bibliogràfiques
Autor principal: Barbieri, Luigi (Autor)
Format: Llibre
Idioma:italià
Publicat: Nápoles Scientifiche Italiane 1991
Col·lecció:Sezione Studi Giuridici, 10
Matèries:
Etiquetes: Afegir etiqueta
Sense etiquetes, Sigues el primer a etiquetar aquest registre!

MARC

LEADER 00000nam a2200000 a 4500
001 UCM9292
003 CL-VaPUC
008 030417e19910000IT |||||||||||||||||ita|d
082 0 4 |a 262.9  |b BAR  |2 21 
100 0 |a Barbieri, Luigi  |e author  |9 475737 
245 1 0 |a Sul concetto di confessione religiosa 
300 |a 72 p 
942 |c BK 
945 |d 20030417 00:00:00  |a cmena 
260 |a Nápoles  |b Scientifiche Italiane  |c 1991 
650 0 |a Derecho eclesiástico  |9 255055 
650 7 |a DERECHO CANONICO  |2 CL-VaPUC  |9 475738 
650 7 |a LIBERTAD RELIGIOSA  |2 CL-VaPUC  |9 475739 
583 |a last modification  |c 20030417 00:00:00  |k Rodrigo Vera 
490 0 |a Sezione Studi Giuridici, 10 
999 |c 303613  |d 303611 
952 |0 0  |1 0  |4 0  |6 262_900000000000000_BAR_1991  |7 0  |8 A  |9 365074  |a BIBDER  |b BIBDER  |d 2019-11-21  |i 3897567  |o 262.9 BAR 1991  |p 3897567  |r 2023-01-25  |w 2019-11-21  |y BK  |k DER